Lkw-Quiz - Statistiken

Allgemein
  • Dieses Quiz wurde 324 mal gespielt
  • Das Durchschnittsergebnis liegt bei 7 aus 15
Antwortstatistiken
Bildquiz Antwort % Korrekt
DAF
93%
MAN
92%
Iveco
88%
Mercedes
88%
Renault
86%
Scania
84%
Volvo
73%
MACK
41%
Tatra
29%
Kamaz
22%
Western Star
16%
Deutz-Magirus
9%
Hanomag
9%
ZIS/ZIL
5%
Nicolas
4%
Keine übereinstimmenden Quizze gefunden
Verteilung der Resultate
Anzahl Personen mit jedem Resultat
Perzentil nach korrekt beantworteten Fragen
Ihre Resultats-Entwicklung
Sie haben dieses Quiz noch nicht gespielt